000 00588nam a2200193 a 4500
005 20210223121233.0
008 991125s1979 mx 000 0 spa u
035 _aUPN01000014514
049 _aCE
050 4 _aGN303 O7
_bK5.3
100 1 _aKnauth, Percy,
_d1914-
245 1 3 _aEl descubrimiento de los metales /
_cpor Percy Knauth y el equipo ed. de libros Time-Life.
260 _aMéxico :
_bOffset Multicolor$bTime-Life,
_c1979.
300 _a160 p. :
_bil. (algunas col.)
440 0 _aOrígenes del hombre
650 4 _aMETALES
650 4 _aMETALURGIA
_912273
905 _aLibro
999 _c14514
_d14514